[Event "Weekend Before Christmas"]
[Site "Edmonton CAN"]
[Date "1998.12.20"]
[Round "4"]
[White "Ottosen, David"]
[Black "Hughey, Micah"]
[Result "1-0"]
[WhiteElo "2035"]
[BlackElo "2085"]
[PlyCount "73"]
[GameId "2160767911806036"]
[EventDate "1998.12.19"]
[EventType "swiss"]
[EventRounds "5"]
[EventCountry "CAN"]
[SourceTitle "Albertabase"]
[SourceDate "2003.08.17"]
[SourceVersion "1"]
[SourceVersionDate "2003.08.17"]
[SourceQuality "1"]

1. g3 d5 2. Nf3 Bg4 3. Bg2 Nd7 4. b3 e5 5. O-O Ngf6 6. Bb2 Bd6 7. Na3 c6 8. c4 Qe7 9. Nc2 h6 10. Ne3 Be6 11. Nh4 g6 12. Nf3 d4 13. Nc2 c5 14. d3 O-O 15. Qd2 Kh7 16. e3 Rae8 17. exd4 exd4 18. Rae1 Qd8 19. Bc1 Ng8 20. Nh4 g5 21. Nf3 f5 22. Nfxd4 cxd4 23. Nxd4 Qf6 24. Nxe6 Rxe6 25. Bxb7 Rfe8 26. Bb2 Ne5 27. d4 Nd7 28. d5 Rxe1 29. Bxf6 Rxf1+ 30. Kxf1 Ngxf6 31. Bc6 Re7 32. Bxd7 Nxd7 33. b4 Re4 34. c5 Be5 35. d6 Rc4 36. Qd5 Rc1+ 37. Kg2 1-0

[Event "Weekend Before Christmas"]
[Site "Edmonton CAN"]
[Date "1998.12.20"]
[Round "5"]
[White "Haynes, Nicolas"]
[Black "Kazakevich, Anastasia"]
[Result "1-0"]
[WhiteElo "1609"]
[BlackElo "1505"]
[PlyCount "53"]
[GameId "2160767911806037"]
[EventDate "1998.12.19"]
[EventType "swiss"]
[EventRounds "5"]
[EventCountry "CAN"]
[SourceTitle "Albertabase"]
[SourceDate "2003.08.17"]
[SourceVersion "1"]
[SourceVersionDate "2003.08.17"]
[SourceQuality "1"]

1. Nf3 Nf6 2. c4 Nc6 3. Nc3 d5 4. cxd5 Nxd5 5. g3 Nxc3 6. bxc3 e5 7. d3 Bg4 8. Bg2 Be7 9. Qa4 Bd7 10. Qc2 O-O 11. O-O Be6 12. Rb1 Rb8 13. Rd1 b6 14. d4 exd4 15. Nxd4 Nxd4 16. cxd4 Qd7 17. e4 c6 18. Bf4 Rbc8 19. Qd2 Rfd8 20. Rbc1 f6 21. d5 cxd5 22. Rxc8 Qxc8 23. exd5 Bf5 24. Rc1 Qd7 25. Rc7 Qe8 26. d6 Bf8 27. Bc6 1-0

[Event "Weekend Before Christmas"]
[Site "Edmonton CAN"]
[Date "1998.12.20"]
[Round "5"]
[White "Kuczaj, Chris"]
[Black "Ottosen, David"]
[Result "0-1"]
[WhiteElo "2100"]
[BlackElo "2035"]
[PlyCount "28"]
[GameId "2160767911806038"]
[EventDate "1998.12.19"]
[EventType "swiss"]
[EventRounds "5"]
[EventCountry "CAN"]
[SourceTitle "Albertabase"]
[SourceDate "2003.08.17"]
[SourceVersion "1"]
[SourceVersionDate "2003.08.17"]
[SourceQuality "1"]

1. c4 c6 2. Nf3 d5 3. d4 e6 4. e3 Nf6 5. Nc3 Nbd7 6. Bd3 dxc4 7. Bxc4 b5 8. Bd3 a6 9. O-O c5 10. e4 cxd4 11. Nxd4 Bb7 12. f3 Bc5 13. Be3 Qb6 14. Re1 Bxd4 0-1

[Event "Winnipeg CC ch"]
[Site "Winnipeg CAN"]
[Date "1998.11.03"]
[Round "1"]
[White "Bays, Derek"]
[Black "Khedkar, Jay"]
[Result "1/2-1/2"]
[WhiteElo "1510"]
[BlackElo "1913"]
[PlyCount "70"]
[GameId "2160767911806122"]
[EventDate "1998.11.03"]
[EventType "swiss"]
[EventRounds "6"]
[EventCountry "CAN"]

1. e4 c5 2. c3 d5 3. exd5 Qxd5 4. d4 e6 5. Nf3 Nc6 6. b3 cxd4 7. Nxd4 Nxd4 8. Qxd4 Qxd4 9. cxd4 Nf6 10. Bb5+ Bd7 11. Bxd7+ Kxd7 12. O-O Rc8 13. Nd2 Bb4 14. Nc4 Bc3 15. Bb2 Bxb2 16. Nxb2 b5 17. Rfc1 Nd5 18. Nd3 f6 19. Rxc8 Rxc8 20. Rc1 Nc3 21. Rc2 Nd5 22. Rxc8 Kxc8 23. a3 Kc7 24. Kf1 Kd6 25. Ke1 Nc3 26. Nc5 Kd5 27. Kd2 Nb1+ 28. Kd3 Nxa3 29. Kc3 b4+ 30. Kd3 a5 31. Na4 Nb5 32. Nb6+ Kc6 33. Nc4 h5 34. Nxa5+ Kd5 35. Nc4 Nxd4 1/2-1/2

[Event "Winnipeg CC ch"]
[Site "Winnipeg CAN"]
[Date "1998.11.03"]
[Round "1"]
[White "Cummer, Jeff"]
[Black "Kernested, Gavin"]
[Result "1-0"]
[WhiteElo "1839"]
[BlackElo "1383"]
[PlyCount "59"]
[GameId "2160767911806123"]
[EventDate "1998.11.03"]
[EventType "swiss"]
[EventRounds "6"]
[EventCountry "CAN"]

1. e4 c5 2. Nc3 e6 3. Nge2 Nc6 4. g3 g6 5. Bg2 Bg7 6. O-O Nge7 7. d3 d6 8. f4 Nd4 9. Nxd4 Bxd4+ 10. Kh1 Bg7 11. Bd2 a6 12. Rb1 O-O 13. g4 f5 14. gxf5 exf5 15. Ne2 Rb8 16. c3 Be6 17. b3 b6 18. d4 c4 19. d5 Bd7 20. bxc4 Qc7 21. Qb3 b5 22. Qc2 Qxc4 23. Ng3 Rbc8 24. Rfc1 a5 25. Bf1 Qc5 26. Bd3 Qb6 27. a4 b4 28. c4 Qc5 29. Re1 Qf2 30. Re2 1-0

[Event "Winnipeg CC ch"]
[Site "Winnipeg CAN"]
[Date "1998.11.03"]
[Round "1"]
[White "Czypinski, Jaroslaw"]
[Black "Weijs, Harry"]
[Result "1-0"]
[WhiteElo "2006"]
[BlackElo "1640"]
[PlyCount "65"]
[GameId "2160767911806124"]
[EventDate "1998.11.03"]
[EventType "swiss"]
[EventRounds "6"]
[EventCountry "CAN"]

1. e4 d5 2. exd5 Nf6 3. Bb5+ Bd7 4. Bc4 b5 5. Bb3 Bg4 6. f3 Bc8 7. Qe2 a6 8. c4 bxc4 9. Qxc4 Qd6 10. Nc3 Bb7 11. d4 g6 12. Nge2 Bg7 13. Bf4 Qb6 14. Bxc7 Qa7 15. d6 e6 16. Bxb8 Qxb8 17. Ba4+ Nd7 18. Bc6 Bxc6 19. Qxc6 Qc8 20. Qxc8+ Rxc8 21. Kd2 O-O 22. Rac1 Rc6 23. Ne4 Rfc8 24. Rxc6 Rxc6 25. Rc1 Rxc1 26. Kxc1 Bf8 27. Kc2 Kg7 28. Nf4 e5 29. Ne2 exd4 30. Nxd4 f5 31. Ne6+ Kh6 32. Nxf8 Nxf8 33. Nc5 1-0

[Event "Winnipeg CC ch"]
[Site "Winnipeg CAN"]
[Date "1998.11.03"]
[Round "1"]
[White "Greenberg, Harley"]
[Black "Sadov, Sergey"]
[Result "0-1"]
[WhiteElo "1745"]
[BlackElo "2046"]
[PlyCount "60"]
[GameId "2160767911806125"]
[EventDate "1998.11.03"]
[EventType "swiss"]
[EventRounds "6"]
[EventCountry "CAN"]

1. e4 c5 2. Nf3 d6 3. d4 cxd4 4. Nxd4 Nf6 5. Nc3 g6 6. Be2 Bg7 7. Be3 O-O 8. Qd2 Nc6 9. O-O-O Ng4 10. Bxg4 Bxg4 11. f3 Bd7 12. g4 Ne5 13. g5 Rc8 14. h4 Nc4 15. Qd3 Qb6 16. b3 Nxe3 17. Qxe3 Qc5 18. Nd5 e5 19. Nf6+ Bxf6 20. gxf6 exd4 21. Qe2 Qe5 22. h5 Qxf6 23. Qh2 g5 24. Rdg1 Kh8 25. Kb1 Rc3 26. Qf2 h6 27. f4 Qxf4 28. Qxd4+ Qe5 29. Qf2 Rfc8 30. Rxg5 hxg5 0-1

[Event "Winnipeg CC ch"]
[Site "Winnipeg CAN"]
[Date "1998.11.03"]
[Round "1"]
[White "Ott, Richard"]
[Black "Thomlison, Gary"]
[Result "0-1"]
[WhiteElo "1493"]
[BlackElo "1893"]
[PlyCount "86"]
[GameId "2160767911806126"]
[EventDate "1998.11.03"]
[EventType "swiss"]
[EventRounds "6"]
[EventCountry "CAN"]

1. d4 Nf6 2. c4 g6 3. Nc3 Bg7 4. e4 d6 5. f3 O-O 6. Be3 Nbd7 7. Qd2 e5 8. d5 Ne8 9. Bd3 f5 10. exf5 gxf5 11. O-O-O c6 12. Bh6 Qf6 13. Bxg7 Qxg7 14. h4 Ndf6 15. Qg5 h6 16. Qxg7+ Kxg7 17. Nge2 cxd5 18. Nxd5 Nxd5 19. cxd5 Bd7 20. Kb1 Nc7 21. Nc3 b5 22. Rd2 b4 23. Nd1 Nxd5 24. Bc4 Nb6 25. Rxd6 Nxc4 26. Rxd7+ Rf7 27. Rxf7+ Kxf7 28. Nf2 Rc8 29. Ka1 a5 30. Rc1 Ke6 31. b3 Nd6 32. Rxc8 Nxc8 33. Kb2 Nd6 34. Kc2 e4 35. Kd2 Ke5 36. Ke3 f4+ 37. Ke2 e3 38. Ng4+ Kd4 39. Nxh6 Kc3 40. Ng8 Nf5 41. h5 Nd4+ 42. Kf1 e2+ 43. Kf2 Kd2 0-1

[Event "Winnipeg CC ch"]
[Site "Winnipeg CAN"]
[Date "1998.11.03"]
[Round "1"]
[White "Schulz, Manfred"]
[Black "Trueman, Francis"]
[Result "1-0"]
[WhiteElo "1906"]
[BlackElo "1503"]
[PlyCount "94"]
[GameId "2160767911806127"]
[EventDate "1998.11.03"]
[EventType "swiss"]
[EventRounds "6"]
[EventCountry "CAN"]

1. e4 c6 2. Nf3 d5 3. Nc3 dxe4 4. Nxe4 Nd7 5. Bc4 e6 6. d4 Ngf6 7. Bg5 h6 8. Bh4 Qa5+ 9. Qd2 Bb4 10. Nxf6+ Nxf6 11. c3 Ne4 12. cxb4 Nxd2 13. bxa5 Nxc4 14. b4 b6 15. axb6 axb6 16. Nd2 Ba6 17. a4 Nb2 18. b5 Bxb5 19. Ne4 Kd7 20. Kd2 Nxa4 21. Bg3 Nb2 22. Nd6 Nc4+ 23. Nxc4 Bxc4 24. Kc3 Bd5 25. f3 Rhe8 26. Rhb1 b5 27. Re1 Ra4 28. Rxa4 bxa4 29. Rb1 Bb3 30. Kb4 Ra8 31. Bf4 Ra7 32. Rc1 Rb7+ 33. Ka3 f6 34. Bg3 Rb5 35. Rc3 Rd5 36. Bf2 e5 37. dxe5 Rxe5 38. Bg3 Rd5 39. Bf4 c5 40. g4 g5 41. Bc1 Kc6 42. Bb2 Rd2 43. Re3 Rxh2 44. Re8 Rf2 45. Rh8 Rxf3 46. Rxh6 Kb5 47. Rxf6 Bc4+ 1-0

[Event "Winnipeg CC ch"]
[Site "Winnipeg CAN"]
[Date "1998.11.10"]
[Round "2"]
[White "Guenther, Don"]
[Black "Schulz, Manfred"]
[Result "0-1"]
[WhiteElo "1794"]
[BlackElo "1906"]
[PlyCount "89"]
[GameId "2160767911806128"]
[EventDate "1998.11.03"]
[EventType "swiss"]
[EventRounds "6"]
[EventCountry "CAN"]

1. Nf3 c6 2. e4 d5 3. exd5 cxd5 4. d4 Nf6 5. Bd3 Bg4 6. Bf4 e6 7. Nbd2 Nc6 8. c3 Be7 9. Qb3 Qc8 10. O-O O-O 11. Qc2 Bh5 12. a3 Bg6 13. Rac1 a6 14. c4 dxc4 15. Nxc4 Qd8 16. Bxg6 hxg6 17. Rfd1 Rc8 18. Qd3 Nd5 19. Bg3 b5 20. Nce5 Nxe5 21. Nxe5 Bg5 22. Rc5 Qe7 23. b4 Qb7 24. Qc2 Be7 25. Rxc8 Rxc8 26. Qd2 Rc3 27. Qb2 Qc8 28. Nd3 Rc2 29. Rc1 Rxc1+ 30. Qxc1 Qxc1+ 31. Nxc1 Nc3 32. Nb3 Nb1 33. Nc5 Nxa3 34. Nxa6 Nc2 35. Nc7 Nxd4 36. Be5 Bd8 37. Bxd4 Bxc7 38. Kf1 e5 39. Bc5 f5 40. Ke2 Kf7 41. Ke3 Ke6 42. Bf8 Bd6 43. Bxg7 Bxb4 44. h4 Kd5 45. f3 0-1

[Event "Winnipeg CC ch"]
[Site "Winnipeg CAN"]
[Date "1998.11.10"]
[Round "2"]
[White "Khedkar, Jay"]
[Black "Greenberg, Harley"]
[Result "1-0"]
[WhiteElo "1913"]
[BlackElo "1745"]
[PlyCount "87"]
[GameId "2160767911806129"]
[EventDate "1998.11.03"]
[EventType "swiss"]
[EventRounds "6"]
[EventCountry "CAN"]

1. e4 c5 2. Nf3 d6 3. d4 cxd4 4. Nxd4 Nf6 5. Nc3 g6 6. Be3 Bg7 7. f3 O-O 8. Bc4 Nc6 9. Qd2 Bd7 10. O-O-O Rc8 11. Bb3 Ne5 12. h4 h5 13. Bh6 Nc4 14. Bxc4 Rxc4 15. Bxg7 Kxg7 16. g4 Qa5 17. g5 Nh7 18. Kb1 Rfc8 19. Nd5 Qxd2 20. Rxd2 e5 21. Ne2 Nf8 22. Rhd1 Ne6 23. Ndc3 b5 24. Rxd6 Be8 25. R1d2 b4 26. Nd5 Nd4 27. Nxd4 exd4 28. b3 R4c5 29. Nxb4 Rc3 30. Nd3 a5 31. Rxd4 a4 32. Kb2 a3+ 33. Kxa3 Rxc2 34. Rxc2 Rxc2 35. Nb4 Rf2 36. Rd8 Bb5 37. Nd5 f6 38. gxf6+ Kf7 39. Kb4 Bc6 40. a4 Rxf3 41. a5 Rh3 42. e5 Rxh4+ 43. Kc5 Bb7 44. Rd7+ 1-0

[Event "Winnipeg CC ch"]
[Site "Winnipeg CAN"]
[Date "1998.11.10"]
[Round "2"]
[White "Sadov, Sergey"]
[Black "Cummer, Jeff"]
[Result "1/2-1/2"]
[WhiteElo "2046"]
[BlackElo "1839"]
[PlyCount "44"]
[GameId "2160767911806130"]
[EventDate "1998.11.03"]
[EventType "swiss"]
[EventRounds "6"]
[EventCountry "CAN"]

1. e4 Nf6 2. e5 Nd5 3. d4 d6 4. Nf3 Bg4 5. Bc4 c6 6. O-O dxe5 7. dxe5 e6 8. Bb3 Nd7 9. c4 Ne7 10. Qd4 Bxf3 11. gxf3 Nf5 12. Qc3 Qh4 13. f4 Bc5 14. Bc2 Bb4 15. Qf3 Nd4 16. Qe4 Nxc2 17. Qxc2 Qg4+ 18. Kh1 Qf3+ 19. Kg1 O-O-O 20. a3 Bc5 21. b4 Bd4 22. Ra2 Qg4+ 1/2-1/2

[Event "Winnipeg CC ch"]
[Site "Winnipeg CAN"]
[Date "1998.11.10"]
[Round "2"]
[White "Thomlison, Gary"]
[Black "Czypinski, Jaroslaw"]
[Result "1-0"]
[WhiteElo "1893"]
[BlackElo "2006"]
[PlyCount "109"]
[GameId "2160767911806131"]
[EventDate "1998.11.03"]
[EventType "swiss"]
[EventRounds "6"]
[EventCountry "CAN"]

1. e4 e5 2. Nf3 d6 3. Bc4 Be6 4. Qe2 Nc6 5. c3 Nf6 6. d3 Be7 7. Nbd2 Qd7 8. O-O a6 9. Rd1 O-O 10. Nf1 Bxc4 11. dxc4 Qg4 12. Ng3 Rad8 13. h3 Qc8 14. Nh4 Rfe8 15. Ngf5 Bf8 16. Rd3 Ne7 17. Rg3 Nxf5 18. Nxf5 g6 19. Bg5 Bg7 20. Nxg7 Kxg7 21. Qe3 Re6 22. Rf3 Rd7 23. Rf1 Ng8 24. Rg3 f6 25. Bh4 Rf7 26. f4 exf4 27. Rxf4 Qe8 28. Rgf3 Rfe7 29. Qd4 c5 30. Qd5 Rxe4 31. Rxe4 Rxe4 32. Qxb7+ Qe7 33. Qxe7+ Nxe7 34. Bxf6+ Kf7 35. Bg5+ Kg7 36. Re3 Rxe3 37. Bxe3 Kf6 38. b4 cxb4 39. cxb4 d5 40. Bc5 Nf5 41. cxd5 Ke5 42. Kf2 Kxd5 43. g4 Ng7 44. Ke3 Ne6 45. Be7 Ke5 46. h4 h6 47. a4 Nc7 48. Bf8 h5 49. Bg7+ Ke6 50. gxh5 gxh5 51. Ke4 Nd5 52. b5 axb5 53. axb5 Nb6 54. Bd4 Nc8 55. Bc5 1-0

[Event "Winnipeg CC ch"]
[Site "Winnipeg CAN"]
[Date "1998.11.17"]
[Round "3"]
[White "Bays, Derek"]
[Black "Sadov, Sergey"]
[Result "0-1"]
[WhiteElo "1510"]
[BlackElo "2046"]
[PlyCount "94"]
[GameId "2160767911806132"]
[EventDate "1998.11.03"]
[EventType "swiss"]
[EventRounds "6"]
[EventCountry "CAN"]

1. e4 c5 2. c3 Nf6 3. e5 Nd5 4. d4 cxd4 5. cxd4 e6 6. Bd2 Nc6 7. Nf3 Qb6 8. Bc3 Nxc3 9. bxc3 d5 10. Bd3 Bd7 11. O-O Be7 12. Qc2 h6 13. Nbd2 O-O 14. Rfb1 Qc7 15. Nf1 a6 16. Ng3 Rfc8 17. Qd2 b5 18. Nh5 Na5 19. Nf6+ Bxf6 20. exf6 Qxc3 21. fxg7 Qxd2 22. Nxd2 Rc3 23. Bf1 f6 24. Nf3 Kxg7 25. Rd1 Rb8 26. Rac1 Rbc8 27. Rxc3 Rxc3 28. Bd3 Nc4 29. Bb1 Be8 30. Nh4 Bf7 31. g3 Na3 32. Bd3 Nc2 33. Bxc2 Rxc2 34. Ra1 Bh5 35. Kg2 Rd2 36. Nf3 Bxf3+ 37. Kxf3 Rxd4 38. Rc1 Rc4 39. Re1 e5 40. Ke3 Re4+ 41. Kd2 Rxe1 42. Kxe1 a5 43. Kd2 b4 44. Kd3 a4 45. f3 e4+ 46. fxe4 dxe4+ 47. Kxe4 b3 0-1

[Event "Winnipeg CC ch"]
[Site "Winnipeg CAN"]
[Date "1998.11.17"]
[Round "3"]
[White "Cummer, Jeff"]
[Black "Khedkar, Jay"]
[Result "1/2-1/2"]
[WhiteElo "1839"]
[BlackElo "1913"]
[PlyCount "85"]
[GameId "2160767911806133"]
[EventDate "1998.11.03"]
[EventType "swiss"]
[EventRounds "6"]
[EventCountry "CAN"]

1. e4 c5 2. Nc3 e6 3. Nge2 d6 4. g3 Nf6 5. Bg2 Nc6 6. O-O Be7 7. d3 O-O 8. f4 Bd7 9. Kh1 Rb8 10. a3 b5 11. Qe1 Qc7 12. Bd2 a5 13. Nd1 b4 14. b3 Be8 15. a4 Nd7 16. Ne3 Nd4 17. Nxd4 cxd4 18. Nc4 Qc5 19. Rc1 Nf6 20. Nxd6 Bxd6 21. e5 Ng4 22. exd6 Qh5 23. h4 Rd8 24. Bf3 Rxd6 25. Qe2 Bc6 26. Kg1 Bxf3 27. Qxf3 Rd5 28. Kg2 Rf5 29. Kh3 Nf6 30. Qxh5 Rxh5 31. Rfe1 Rc8 32. Re2 Rhc5 33. Be1 Nd5 34. Bf2 Rc3 35. Bxd4 Rxd3 36. cxd3 Rxc1 37. f5 Rd1 38. fxe6 fxe6 39. Rxe6 Rxd3 40. Re4 Rxb3 41. Re5 Nf4+ 42. Kg4 Rd3 43. gxf4 1/2-1/2

[Event "Winnipeg CC ch"]
[Site "Winnipeg CAN"]
[Date "1998.11.17"]
[Round "3"]
[White "Schulz, Manfred"]
[Black "Thomlison, Gary"]
[Result "1-0"]
[WhiteElo "1906"]
[BlackElo "1893"]
[PlyCount "127"]
[GameId "2160767911806134"]
[EventDate "1998.11.03"]
[EventType "swiss"]
[EventRounds "6"]
[EventCountry "CAN"]

1. e4 e5 2. Nf3 Nf6 3. Nc3 Bb4 4. Nxe5 O-O 5. Be2 Re8 6. Nd3 Bxc3 7. dxc3 Nxe4 8. Nf4 d6 9. O-O Nc6 10. Be3 Ne5 11. c4 c6 12. a4 Qf6 13. f3 Nc5 14. Qd2 Ne6 15. Nxe6 Bxe6 16. b3 Qe7 17. Rfe1 a6 18. Rad1 d5 19. Bd4 Ng6 20. Qc3 Qg5 21. Bf1 dxc4 22. Bxg7 Nf4 23. Bd4 cxb3 24. cxb3 Bh3 25. Qb2 Re6 26. Rxe6 Bxe6 27. Kh1 Bd5 28. Re1 Ne6 29. Bf6 Qf5 30. Qc3 Re8 31. Bd3 Qf4 32. Be5 Qh6 33. Qb4 c5 34. Qg4+ Ng7 35. f4 f6 36. Bc3 Rxe1+ 37. Bxe1 Bc6 38. Bf2 Qh5 39. Bc4+ Kh8 40. Qxh5 Nxh5 41. Be3 f5 42. Be2 Nf6 43. Bxc5 Kg7 44. Kg1 Bd5 45. b4 Ne4 46. Bd4+ Kf7 47. g4 fxg4 48. Bxg4 Nf6 49. Bxf6 Kxf6 50. Kf2 Bc6 51. a5 Be4 52. Bf3 Bxf3 53. Kxf3 Kf5 54. h3 h6 55. Ke3 h5 56. Kf3 h4 57. Ke3 Kf6 58. Ke4 Ke6 59. f5+ Kf6 60. Kf4 Kf7 61. Kg5 Kg7 62. Kxh4 Kf6 63. Kg4 Kg7 64. Kg5 1-0

[Event "Winnipeg CC ch"]
[Site "Winnipeg CAN"]
[Date "1998.11.25"]
[Round "4"]
[White "Khedkar, Jay"]
[Black "Guenther, Don"]
[Result "1-0"]
[WhiteElo "1913"]
[BlackElo "1794"]
[PlyCount "75"]
[GameId "2160767911806135"]
[EventDate "1998.11.03"]
[EventType "swiss"]
[EventRounds "6"]
[EventCountry "CAN"]

1. e4 d6 2. d4 Nf6 3. Nc3 g6 4. Nf3 Bg7 5. Bc4 O-O 6. O-O c6 7. a4 a5 8. Qe2 Qc7 9. Bb3 e5 10. dxe5 dxe5 11. Be3 Qe7 12. Rad1 Be6 13. Bxe6 Qxe6 14. Bc5 Re8 15. h3 Na6 16. Rd6 Qe7 17. Ba3 Nb4 18. Rfd1 Bf8 19. Nb1 Qxd6 20. Rxd6 Bxd6 21. c3 c5 22. b3 Na6 23. Nbd2 Nc7 24. Nc4 Bf8 25. Nfxe5 b5 26. axb5 Nxb5 27. Bb2 Nd6 28. f3 Nxc4 29. Nxc4 a4 30. b4 cxb4 31. cxb4 Nd5 32. Qd2 Bxb4 33. Qxd5 a3 34. Ba1 Rad8 35. Qb5 Rb8 36. Qc6 Rbc8 37. Qf6 Kf8 38. Ne5 1-0

[Event "Winnipeg CC ch"]
[Site "Winnipeg CAN"]
[Date "1998.11.25"]
[Round "4"]
[White "Sadov, Sergey"]
[Black "Czypinski, Jaroslaw"]
[Result "1-0"]
[WhiteElo "2046"]
[BlackElo "2006"]
[PlyCount "107"]
[GameId "2160767911806136"]
[EventDate "1998.11.03"]
[EventType "swiss"]
[EventRounds "6"]
[EventCountry "CAN"]

1. e4 b6 2. d4 Bb7 3. Bd3 e6 4. Nf3 Nf6 5. e5 Ne4 6. Nbd2 f5 7. exf6 Nxf6 8. O-O Be7 9. Re1 O-O 10. c3 Qe8 11. Qc2 Qh5 12. Re5 Qe8 13. Ng5 g6 14. Ndf3 Bxf3 15. Nxf3 Nc6 16. Re2 Nh5 17. Be4 d5 18. Bd3 Bd6 19. Bh6 Nf4 20. Bxf8 Nxe2+ 21. Qxe2 Kxf8 22. Bb5 a6 23. Bxa6 Nb8 24. Bd3 Nd7 25. Bb5 Qe7 26. Bc6 Re8 27. Bxd7 Qxd7 28. Ne5 Bxe5 29. Qxe5 Qg7 30. Qxg7+ Kxg7 31. f4 Kf6 32. Kf2 Ra8 33. a4 Ke7 34. b4 Ra6 35. Kf3 b5 36. a5 Kf6 37. g4 h6 38. h4 Kf7 39. Ke3 Kg7 40. Kd3 Kf6 41. Rg1 Ra8 42. Rg2 Ra7 43. h5 Ra8 44. g5+ hxg5 45. fxg5+ Kf5 46. h6 e5 47. dxe5 Kxe5 48. Rf2 c5 49. Rf7 d4 50. cxd4+ cxd4 51. h7 Rh8 52. a6 Kd6 53. a7 Kc6 54. Rg7 1-0

[Event "Winnipeg CC ch"]
[Site "Winnipeg CAN"]
[Date "1998.11.25"]
[Round "4"]
[White "Schulz, Waldemar"]
[Black "Bays, Derek"]
[Result "1-0"]
[WhiteElo "2084"]
[BlackElo "1510"]
[PlyCount "23"]
[GameId "2160767911806137"]
[EventDate "1998.11.03"]
[EventType "swiss"]
[EventRounds "6"]
[EventCountry "CAN"]

1. d4 Nf6 2. Nf3 d5 3. c4 e6 4. g3 Nc6 5. Bg2 b6 6. O-O Bb7 7. Bg5 Be7 8. Nc3 dxc4 9. Ne5 Na5 10. Qa4+ Nd7 11. Bxb7 Nxb7 12. Nc6 1-0

[Event "Winnipeg CC ch"]
[Site "Winnipeg CAN"]
[Date "1998.11.25"]
[Round "4"]
[White "Thomlison, Gary"]
[Black "Cummer, Jeff"]
[Result "0-1"]
[WhiteElo "1893"]
[BlackElo "1839"]
[PlyCount "41"]
[GameId "2160767911806138"]
[EventDate "1998.11.03"]
[EventType "swiss"]
[EventRounds "6"]
[EventCountry "CAN"]

1. e4 Nf6 2. e5 Nd5 3. d4 d6 4. c4 Nb6 5. Nf3 Bg4 6. exd6 cxd6 7. b3 g6 8. h3 Bxf3 9. Qxf3 Bg7 10. Bb2 Nc6 11. Qe3 O-O 12. Nd2 Rc8 13. Nf3 Re8 14. Qd2 e5 15. dxe5 dxe5 16. O-O-O Qxd2+ 17. Nxd2 Bh6 18. Bc3 e4 19. Kc2 e3 20. fxe3 Rxe3 21. Be2 0-1

[Event "Winnipeg CC ch"]
[Site "Winnipeg CAN"]
[Date "1998.12.01"]
[Round "5"]
[White "Czypinski, Jaroslaw"]
[Black "Khedkar, Jay"]
[Result "0-1"]
[WhiteElo "2006"]
[BlackElo "1913"]
[PlyCount "42"]
[GameId "2160767911806139"]
[EventDate "1998.11.03"]
[EventType "swiss"]
[EventRounds "6"]
[EventCountry "CAN"]

1. e4 c5 2. d4 cxd4 3. c3 dxc3 4. Nxc3 Nc6 5. Nf3 d6 6. Bc4 Nf6 7. O-O e6 8. Qe2 Be7 9. Rd1 Qa5 10. Bf4 Ne5 11. Bb5+ Bd7 12. Bxe5 dxe5 13. Rxd7 Nxd7 14. Nxe5 O-O 15. Nxd7 Rfd8 16. Rd1 a6 17. Ba4 b5 18. Bb3 Qc7 19. Nxb5 axb5 20. Qxb5 Ra5 21. Qd3 Ra7 0-1

[Event "Winnipeg CC ch"]
[Site "Winnipeg CAN"]
[Date "1998.12.01"]
[Round "5"]
[White "Guenther, Don"]
[Black "Cummer, Jeff"]
[Result "1-0"]
[WhiteElo "1794"]
[BlackElo "1839"]
[PlyCount "131"]
[GameId "2160767911806140"]
[EventDate "1998.11.03"]
[EventType "swiss"]
[EventRounds "6"]
[EventCountry "CAN"]

1. Nf3 f5 2. d4 Nf6 3. Nc3 g6 4. e3 Bg7 5. Bc4 d5 6. Bb3 c6 7. Ne2 Nbd7 8. c4 dxc4 9. Bxc4 Nb6 10. Qb3 Nxc4 11. Qxc4 Ne4 12. O-O Nd6 13. Qb3 Qb6 14. Nf4 Qxb3 15. axb3 Nf7 16. Bd2 O-O 17. Bb4 Re8 18. Nd3 Nd8 19. Nde5 Ne6 20. Rfd1 Nc7 21. Nc4 Nd5 22. Bc5 a6 23. Nb6 Nxb6 24. Bxb6 Be6 25. b4 Bd5 26. Nd2 e5 27. Nb1 exd4 28. Bxd4 Bxd4 29. Rxd4 Re4 30. Rxe4 Bxe4 31. Nc3 Bc2 32. Kf1 Rd8 33. Ke1 Kf7 34. Ne2 Ke7 35. Nd4 Be4 36. f3 Bd5 37. h4 h6 38. h5 Kf6 39. hxg6 Kxg6 40. Kf2 Bc4 41. Rc1 Bb5 42. Rc5 f4 43. Nxb5 axb5 44. Rc2 fxe3+ 45. Kxe3 Rd1 46. Ke4 Kf6 47. g4 Re1+ 48. Kf4 Rd1 49. Ke4 Ke6 50. Rh2 Re1+ 51. Kd4 Rd1+ 52. Kc5 Rd7 53. Rxh6+ Ke5 54. Rh5+ Kf4 55. Rf5+ Ke3 56. g5 Kd3 57. g6 Kc2 58. Rf7 Rd5+ 59. Kb6 Rg5 60. g7 Kxb2 61. f4 Rg3 62. f5 Kb3 63. f6 Kxb4 64. Re7 c5 65. f7 Rg6+ 66. Ka7 1-0

[Event "Winnipeg CC ch"]
[Site "Winnipeg CAN"]
[Date "1998.12.01"]
[Round "5"]
[White "Ott, Richard"]
[Black "Gibbons, Lorne"]
[Result "1-0"]
[WhiteElo "1493"]
[BlackElo "1332"]
[PlyCount "52"]
[GameId "2160767911806141"]
[EventDate "1998.11.03"]
[EventType "swiss"]
[EventRounds "6"]
[EventCountry "CAN"]

1. d4 b6 2. c4 Bb7 3. Nc3 e6 4. Nf3 Nf6 5. Bg5 Be7 6. e3 h6 7. Bxf6 Bxf6 8. Be2 Na6 9. O-O c5 10. Rc1 g5 11. d5 e5 12. Nd2 d6 13. Qa4+ Ke7 14. Nde4 Bg7 15. Nb5 Nc7 16. Nbxd6 Bc8 17. Nxc8+ Qxc8 18. d6+ Kd8 19. dxc7+ Kxc7 20. Bf3 Qe6 21. Nc3 Qe8 22. Qa6 Qc8 23. Nb5+ Kd7 24. Rfd1+ Ke7 25. Qxc8 Raxc8 26. Nxa7 f5 1-0

[Event "Winnipeg CC ch"]
[Site "Winnipeg CAN"]
[Date "1998.12.01"]
[Round "5"]
[White "Schulz, Manfred"]
[Black "Sadov, Sergey"]
[Result "1-0"]
[WhiteElo "1906"]
[BlackElo "2046"]
[PlyCount "127"]
[GameId "2160767911806142"]
[EventDate "1998.11.03"]
[EventType "swiss"]
[EventRounds "6"]
[EventCountry "CAN"]

1. e4 c5 2. Nf3 d6 3. d4 cxd4 4. Nxd4 Nf6 5. Nc3 g6 6. Be2 Bg7 7. Be3 O-O 8. O-O Nc6 9. Nb3 Be6 10. f4 Na5 11. f5 Bc4 12. Bd3 Bxd3 13. cxd3 Nxb3 14. axb3 b6 15. Qf3 d5 16. e5 d4 17. exf6 exf6 18. Bd2 dxc3 19. bxc3 Qd7 20. Ra4 Rad8 21. d4 Rfe8 22. fxg6 hxg6 23. Raa1 b5 24. Rfe1 f5 25. Bg5 Rc8 26. Rxe8+ Rxe8 27. Rd1 Rc8 28. Bh4 a5 29. Bf2 a4 30. bxa4 bxa4 31. Ra1 Qb5 32. Qd1 Rc4 33. Be1 Bf8 34. h4 Qe8 35. Qd3 Qc8 36. h5 a3 37. hxg6 fxg6 38. Qg3 Qe6 39. Qd3 Qd5 40. Bd2 Rc8 41. Bc1 Qa5 42. Bd2 Qc7 43. Qa6 Qc6 44. Qxc6 Rxc6 45. Kf2 Kf7 46. Ke3 Bh6+ 47. Kd3 Bf8 48. Bc1 Ra6 49. Ra2 Ke6 50. c4 Kd7 51. c5 Re6 52. Rxa3 Re1 53. Ra7+ Kc6 54. Ra6+ Kd7 55. Bd2 Rg1 56. Rxg6 Be7 57. Rg7 Ke6 58. Kc4 Ra1 59. d5+ Kd7 60. c6+ Kd8 61. Rg8+ Kc7 62. Bf4+ Bd6 63. Rg7+ Kb6 64. Bxd6 1-0

[Event "Winnipeg CC ch"]
[Site "Winnipeg CAN"]
[Date "1998.12.08"]
[Round "6"]
[White "Cummer, Jeff"]
[Black "Trueman, Francis"]
[Result "0-1"]
[WhiteElo "1839"]
[BlackElo "1503"]
[PlyCount "72"]
[GameId "2160767911806143"]
[EventDate "1998.11.03"]
[EventType "swiss"]
[EventRounds "6"]
[EventCountry "CAN"]

1. e4 c6 2. d4 d5 3. exd5 cxd5 4. Bd3 Nc6 5. c3 Nf6 6. h3 e5 7. dxe5 Nxe5 8. Nf3 Nxd3+ 9. Qxd3 Qb6 10. Nbd2 Qe6+ 11. Kf1 b6 12. Nd4 Qd7 13. g3 Bd6 14. Kg2 O-O 15. N2f3 h6 16. Be3 a6 17. Nh4 Ne4 18. b4 f5 19. f4 Bb7 20. Nhf3 Rac8 21. Rac1 Qf7 22. Rc2 Qg6 23. Ne2 Rc4 24. Nh4 Qe8 25. Nd4 a5 26. bxa5 Nc5 27. Qd2 Qe4+ 28. Kh2 Re8 29. Ndxf5 d4 30. Rhc1 dxe3 31. Nxe3 Bxf4 32. Nxc4 Bxd2 33. Nxd2 Qe2+ 34. Kg1 Qe3+ 35. Kf1 Qxg3 36. Nhf3 Qxh3+ 0-1